Giulia. (Record n. 359686)

Dettagli MARC
000 -LEADER
campo di controllo lung. fissa 01499nam a22002177a 4500
003 - Identificatore del numero di controllo
campo di controllo IT-MiCISF
005 - Data e orario dell'ultima transazione
campo di controllo 20230420142836.0
008 - Elementi di lunghezza fissa--Informazione generale
campo di controllo lung. fissa 230420b |||||||| |||| 00| 0 eng d
040 ## - Fonte della catalogazione
Agenzia che fa la trascrizione IT-MiCISF
041 ## - Codice di lingua
Codice di lingua del testo/traccia sonora o titolo separato it
100 ## - Accesso principale -- nome di persona
Nome di persona Balladore Francesca
9 (RLIN) 59936
245 ## - Formulazione del titolo
Titolo Giulia.
Complemento del titolo La santa crocifissa
260 ## - Pubblicazione, distribuzione, ecc. (stampa)
Luogo di pubblicazione, distribuzione, ecc. Milano,
Nome dell'editore, distributore, ecc. Periodici san Paolo,
Data di pubblicazione, distribuzione, ecc. 2023
300 ## - Descrizione fisica
Estensione pp. 140
500 ## - Nota generale
Nota generale donna, fede, storia
501 ## - Nota
Nota Edizione originale San Paolo, 2019
520 ## - Riassunto, ecc.
Nota di riassunto, ecc. A Brescia è conservata la memoria di Giulia, con molte immagini che la ritraggono crocifissa. La sua vita è narrata da una passio tardiva (VIII secolo), ma la vicenda è ambientata nel V secolo: la ragazza si imbarca a Cartagine, assediata dai Vandali, e fa naufragio in Corsica dove, per non rinnegare la fede, subisce la crocifissione. Il culto di Giulia si diffonde sulle coste toscane e liguri, e anche oltre. Sullo sfondo di questa vicenda, ne emergono di più antiche: da quella di Blandina martire a Lione nel II secolo, a quelle di Liberata, Margherita, Vilgefortis..., figure femminili assimilate a Cristo fino ad assumerne le sembianze anche fisiche. Come le altre "Criste", Giulia porta nella propria carne la violenza subita da tante donne, tutto il dolore del mondo, proponendo la consapevolezza di una devozione che, nei secoli, ha dimostrato di saper andare ben oltre le banali regole che escludono la donna dalla sfera del sacro.
650 ## - Accesso aggiunto di soggetto--termine topico
Termine topico o nome geografico come accesso Donna
9 (RLIN) 59937
654 ## - Accesso aggiunto di soggetto--termini topici faccettati
Termine principale saggio
942 ## - Dati aggiuntivi (Koha)
Fonte della classificazione o dello schema di collocazione (segnatura) Dewey Decimal Classification
Tipo copia default (Koha) LIBRO
Dati di copia
Ritirato (status) Perso (status) Fonte della classificazione o dello schema di collocazione (segnatura) Danneggiato (status) Non per il presito Biblioteca proprietaria Biblioteca in cui si trova Data d'acquisizione Totale prestiti Collocazione Codice a barre Data ultima operazione Prezzo in vigore dal Tipo copia default (Koha)
    Dewey Decimal Classification Buone Condizioni Not For Loan CISF - Milano CISF - Milano 20/04/2023   A2396 9788892241510 20/04/2023 20/04/2023 LIBRO
CREDITS: SOCIETA' SAN PAOLO Via A.Severo, 58 - ROMA (RM) & PERIODICI SAN PAOLO SRL Via Giotto, 36 MILANO & CISF Via Giotto, 36 MILANO & EDIZIONI SAN PAOLO SRL,  Piazza Soncino, 5 CINISELLO BALSAMO (MI) -- ITALY